Новые сказки большого города: для среднего и старшего школьного возраста

Detalles Bibliográficos
Autor Principal: Черникова Л. И. Лариса Ивановна
Outros autores: Груздев Н. А. (иллюстратор)
Idioma:ruso
Publicado: Саратов, Приволжское книжное издательство, 1990
Subjects:
Formato: MixedMaterials Libro
KOHA link:https://koha.lib.tpu.ru/cgi-bin/koha/opac-detail.pl?biblionumber=155903

MARC

LEADER 00000nam0a2200000 4500
001 155903
005 20231031152833.0
010 |a 5763301455 
020 |a RU  |b 90-22083 
035 |a (RuTPU)RU\TPU\book\169091 
090 |a 155903 
100 |a 20090320d1990 de y0rusy5003 ca 
101 0 |a rus 
102 |a RU 
105 |a a z 000ay 
200 1 |a Новые сказки большого города  |e для среднего и старшего школьного возраста  |f Л. И. Черникова  |g худож. Н. А. Груздев 
210 |a Саратов  |c Приволжское книжное издательство  |d 1990 
215 |a 120 с.  |c ил.  |d 21 см 
610 1 |a Сказки русские советские 
610 1 |a детская литература 
675 |a Р2  |z rus 
700 1 |a Черникова  |b Л. И.  |g Лариса Ивановна  |4 070 
702 1 |a Груздев  |b Н. А.  |4 440 
801 0 |a RU  |b RuMRKP  |c 19950417  |g psbo 
801 1 |a RU  |b 63413507  |c 20090320  |g PSBO 
801 2 |a RU  |b 63413507  |c 20090320  |g PSBO 
942 |c BK